=LDR 00000nam 2200000 4500 =001 INLIS000000000007635 =005 20130612095612 =008 ***********************************Ind** =035 ##$$0010-061300000007635 =041 ##$$a Ind =082 ##$$a 005.369 =090 ##$$a 005.369, San s =100 ##$$a Sanjaja, B =245 ##$$a susunan laporan dengan quickreport, B. Sanjaja =260 ##$$a 1992 $b Jakarta =300 ##$$a viii, 21 hlm, 21 cm =650 ##$$a Komputer-Program Quick Report